<?xml version="1.0" encoding="UTF-8"?>
<record
    xmlns:xsi="http://www.w3.org/2001/XMLSchema-instance"
    xsi:schemaLocation="http://www.loc.gov/MARC21/slim http://www.loc.gov/standards/marcxml/schema/MARC21slim.xsd"
    xmlns="http://www.loc.gov/MARC21/slim">

  <leader>02147nam a2200385 a 4500</leader>
  <controlfield tag="001">00003827</controlfield>
  <controlfield tag="003">DO-SdBNP</controlfield>
  <controlfield tag="005">20180312085109.0</controlfield>
  <controlfield tag="007">00003827</controlfield>
  <controlfield tag="008">091118s 2001    dr ac         000 0 spa d</controlfield>
  <datafield tag="020" ind1=" " ind2=" ">
    <subfield code="a">8482614096</subfield>
  </datafield>
  <datafield tag="040" ind1=" " ind2=" ">
    <subfield code="a">BPMSU</subfield>
    <subfield code="b">spa</subfield>
    <subfield code="c">BPMSU</subfield>
  </datafield>
  <datafield tag="092" ind1=" " ind2=" ">
    <subfield code="a">373.84</subfield>
    <subfield code="b">R696r      4to.   2001</subfield>
  </datafield>
  <datafield tag="100" ind1="1" ind2=" ">
    <subfield code="a">Rodr&#xED;guez, Federico</subfield>
  </datafield>
  <datafield tag="245" ind1="0" ind2="0">
    <subfield code="a">Religi&#xF3;n  4 :</subfield>
    <subfield code="b">formaci&#xF3;n integral, humana y religiosa ; educaci&#xF3;n media/</subfield>
    <subfield code="c">Federico Rodr&#xED;guez ; direcci&#xF3;n editorial Obdulia Garc&#xED;a de Escobar ; illustraci&#xF3;n Ruddy N&#xFA;&#xF1;ez.</subfield>
  </datafield>
  <datafield tag="260" ind1=" " ind2=" ">
    <subfield code="a">Santo Domingo :</subfield>
    <subfield code="b">Santillana,</subfield>
    <subfield code="c">2001</subfield>
  </datafield>
  <datafield tag="300" ind1=" " ind2=" ">
    <subfield code="a">135 p. :</subfield>
    <subfield code="b">il., mapas, retrs. ;</subfield>
    <subfield code="c">28 cm.</subfield>
  </datafield>
  <datafield tag="490" ind1="1" ind2=" ">
    <subfield code="a">Umbral</subfield>
  </datafield>
  <datafield tag="500" ind1=" " ind2=" ">
    <subfield code="a">Este libro ha sido realizado de conformidad con el curr&#xED;culum vigente y ha sido sometido a la aprobaci&#xF3;n de la SEEBAC
</subfield>
  </datafield>
  <datafield tag="500" ind1=" " ind2=" ">
    <subfield code="a">Cuarto de bachillerato/2do. curso/Segundo Ciclo</subfield>
  </datafield>
  <datafield tag="505" ind1="0" ind2=" ">
    <subfield code="a">Unidades --</subfield>
    <subfield code="t">La fe de la iglesia. Primer semestre </subfield>
    <subfield code="t">Razones para creer --</subfield>
    <subfield code="t">Conocer mejor la biblia  --</subfield>
    <subfield code="t">La fe en Jesucristo resucitado  --</subfield>
    <subfield code="t">La fe en la divinidad de Jes&#xFA;s - -</subfield>
    <subfield code="t">La salvaci&#xF3;n cristiana --</subfield>
    <subfield code="t">Una  comunidad de hermanos &#x2013;</subfield>
    <subfield code="t">Una historia de luces y sombras &#x2013;</subfield>
    <subfield code="t">Unos s&#xED;mbolos  como expresi&#xF3;n de la vida &#x2013;</subfield>
    <subfield code="t">Un sacramento para cada momento esencial  de la vida -- </subfield>
    <subfield code="t">La historia de Israel. Primer semestre  -- </subfield>
    <subfield code="t">Un compromiso con la sociedad y con el mundo &#x2013;
</subfield>
    <subfield code="t">Moral de matrimonio  y la familia &#x2013;</subfield>
    <subfield code="t">Moral de la vida humana &#x2013;</subfield>
    <subfield code="t">Persona, efectividad y sexualidad &#x2013;</subfield>
    <subfield code="t">Moral de los bienes materiales &#x2013;</subfield>
    <subfield code="t">Moral de la pol&#xED;tica  --</subfield>
    <subfield code="t">Moral de la cultura y de la ciencia.</subfield>
  </datafield>
  <datafield tag="650" ind1=" " ind2="4">
    <subfield code="a">RELIGI&#xD3;N</subfield>
    <subfield code="x">ENSE&#xD1;ANZA SECUNDARIA </subfield>
  </datafield>
  <datafield tag="650" ind1=" " ind2="4">
    <subfield code="a">RELIGI&#xD3;N </subfield>
    <subfield code="x">LIBROS DE TEXTOS</subfield>
  </datafield>
  <datafield tag="650" ind1=" " ind2="4">
    <subfield code="a">RELIGI&#xD3;N </subfield>
    <subfield code="x">ESTUDIOS  Y EJERCICIOS</subfield>
  </datafield>
  <datafield tag="650" ind1=" " ind2="4">
    <subfield code="a">RELIGI&#xD3;N </subfield>
    <subfield code="x">EDUCACI&#xD3;N PRIMARIA</subfield>
  </datafield>
  <datafield tag="650" ind1=" " ind2="4">
    <subfield code="a">EDUCACI&#xD3;N PRIMARIA</subfield>
    <subfield code="z">REP&#xDA;BLICA DOMINICANA</subfield>
  </datafield>
  <datafield tag="700" ind1="1" ind2="2">
    <subfield code="a">Garc&#xED;a de Escobar, Obdulia, </subfield>
    <subfield code="e">ed.</subfield>
  </datafield>
  <datafield tag="700" ind1="1" ind2="2">
    <subfield code="a">N&#xFA;&#xF1;ez, Ruddy,</subfield>
    <subfield code="e">il.</subfield>
  </datafield>
  <datafield tag="830" ind1=" " ind2="0">
    <subfield code="a">Umbral</subfield>
  </datafield>
  <datafield tag="910" ind1=" " ind2=" ">
    <subfield code="a">Validado. Control de calidad MFF</subfield>
  </datafield>
  <datafield tag="942" ind1=" " ind2=" ">
    <subfield code="2">ddc</subfield>
    <subfield code="c">BK</subfield>
  </datafield>
  <datafield tag="945" ind1=" " ind2=" ">
    <subfield code="a">Inventariado, 2018 /LP</subfield>
  </datafield>
  <datafield tag="952" ind1=" " ind2=" ">
    <subfield code="0">0</subfield>
    <subfield code="1">0</subfield>
    <subfield code="2">ddc</subfield>
    <subfield code="4">0</subfield>
    <subfield code="7">0</subfield>
    <subfield code="8">CE</subfield>
    <subfield code="a">BPMET</subfield>
    <subfield code="b">BPMET</subfield>
    <subfield code="d">2016-04-06</subfield>
    <subfield code="e">Donaci&#xF3;n</subfield>
    <subfield code="l">0</subfield>
    <subfield code="o">373.84    R696r    4to.   2001   v.1</subfield>
    <subfield code="p">BPMSU16040154</subfield>
    <subfield code="r">2016-04-06</subfield>
    <subfield code="w">2016-04-06</subfield>
    <subfield code="y">BK</subfield>
  </datafield>
  <datafield tag="952" ind1=" " ind2=" ">
    <subfield code="0">0</subfield>
    <subfield code="1">0</subfield>
    <subfield code="2">ddc</subfield>
    <subfield code="4">0</subfield>
    <subfield code="7">0</subfield>
    <subfield code="8">CE</subfield>
    <subfield code="a">BPMET</subfield>
    <subfield code="b">BPMET</subfield>
    <subfield code="d">2016-04-06</subfield>
    <subfield code="e">Donaci&#xF3;n</subfield>
    <subfield code="l">0</subfield>
    <subfield code="o">373.84    R696r    4to.   2001   v.1</subfield>
    <subfield code="p">BPMSU16040155</subfield>
    <subfield code="r">2016-04-06</subfield>
    <subfield code="t">ej. 2</subfield>
    <subfield code="w">2016-04-06</subfield>
    <subfield code="y">BK</subfield>
  </datafield>
  <datafield tag="956" ind1=" " ind2=" ">
    <subfield code="a">VMATEO</subfield>
    <subfield code="b">10</subfield>
    <subfield code="c">20150721</subfield>
    <subfield code="l">BPMSU</subfield>
    <subfield code="h">00151</subfield>
  </datafield>
  <datafield tag="956" ind1=" " ind2=" ">
    <subfield code="a">LOPEREZ</subfield>
    <subfield code="b">10</subfield>
    <subfield code="c">20160406</subfield>
    <subfield code="l">BPMSU</subfield>
    <subfield code="h">0041</subfield>
  </datafield>
  <datafield tag="999" ind1=" " ind2=" ">
    <subfield code="c">9587</subfield>
    <subfield code="d">9587</subfield>
  </datafield>
</record>
